Countries Containing Y - One Minute Sprint - Statistics

General Stats
  • This quiz has been taken 62 times
  • The average score is 9 of 19
Answer Stats
Country % Correct
Yemen
75%
Paraguay
74%
Uruguay
74%
Italy
70%
Hungary
64%
Germany
58%
Turkey
58%
Syria
51%
Libya
47%
Kyrgyzstan
43%
Norway
43%
Malaysia
40%
Guyana
38%
Cyprus
32%
Egypt
26%
Kenya
23%
Seychelles
23%
Myanmar
21%
Vatican City
19%
No matching quizzes found
Score Distribution
Percent of People with Each Score
Percentile by Number Answered
Your Score History
You have not taken this quiz